Tájékoztató az MTA Pedagógiai Bizottságának 1982. október 29-i üléséről

Elmentve itt :
Bibliográfiai részletek
Szerzők: Bartal Andrea
Benő Kálmán
Dokumentumtípus: Cikk
Megjelent: 1983
Sorozat:Magyar pedagógia : a Magyar Tudományos Akadémia Pedagógiai Bizottságának folyóirata 83 No. 3
Kulcsszavak:Pedagógiai Bizottság beszámoló 1982
Online Access:http://misc.bibl.u-szeged.hu/13271
LEADER 00755nab a2200193 i 4500
001 misc13271
005 20191106141445.0
008 170607s1983 hu o 0|| hun d
022 |a 0025-0260 
040 |a SZTE Miscellanea Repozitórium  |b hun 
041 |a hun 
100 1 |a Bartal Andrea 
245 1 0 |a Tájékoztató az MTA Pedagógiai Bizottságának 1982. október 29-i üléséről  |h [elektronikus dokumentum] /  |c  Bartal Andrea 
260 |c 1983 
300 |a 335-339 
490 0 |a Magyar pedagógia : a Magyar Tudományos Akadémia Pedagógiai Bizottságának folyóirata  |v 83 No. 3 
695 |a Pedagógiai Bizottság beszámoló 1982 
700 0 1 |a Benő Kálmán  |e aut 
856 4 0 |u http://misc.bibl.u-szeged.hu/13271/1/mp_1983_003_335-339.pdf  |z Dokumentum-elérés